ბათუმის შოთა რუსთაველის სახელმწიფო უნივერსიტეტის ბიბლიოთეკა

საბიბლიოთეკო საქმის ისტორია ნ.1 (ბიბ.ჩანაწერი № 52818)

000 -LEADER
fixed length control field 00744nam a2200229Ia 4500
001 - CONTROL NUMBER
control field 19848
003 - CONTROL NUMBER IDENTIFIER
control field GE_BSU
008 - FIXED-LENGTH DATA ELEMENTS--GENERAL INFORMATION
fixed length control field 181216s||||||||xx |||||||||||||| ||und||
040 ## - CATALOGING SOURCE
Transcribing agency GE_BSU
080 ## - UNIVERSAL DECIMAL CLASSIFICATION NUMBER
Universal Decimal Classification number 02(09)(075.8)
100 ## - MAIN ENTRY--PERSONAL NAME
Personal name ლორია,ა. სურმავა, მ.
245 ## - TITLE STATEMENT
Title საბიბლიოთეკო საქმის ისტორია ნ.1
245 ## - TITLE STATEMENT
Statement of responsibility, etc. რედ.ნ. გომართელი
260 ## - PUBLICATION, DISTRIBUTION, ETC.
Place of publication, distribution, etc. თბილისი
260 ## - PUBLICATION, DISTRIBUTION, ETC.
Date of publication, distribution, etc. 2006
300 ## - PHYSICAL DESCRIPTION
Extent 183გვ.
653 ## - INDEX TERM--UNCONTROLLED
Uncontrolled term ბიბლიოთეკარი
653 ## - INDEX TERM--UNCONTROLLED
Uncontrolled term საბიბლიოთეკო საქმის ისტორია
653 ## - INDEX TERM--UNCONTROLLED
Uncontrolled term ქსეროქსი
942 ## - ADDED ENTRY ELEMENTS (KOHA)
Koha item type წიგნი
ეგზემპლარები
Withdrawn status Lost status Damaged status Not for loan Date acquired Barcode Date last seen Price effective from Koha item type Public note
        2018-12-17 00445 2018-12-17 2018-12-17 წიგნი ქსეროქსი